Sedlák pod Milešovkou : pestrá krajina proti změně klimatu /

Hlavní autor: Pitek, Daniel, 1966-
Další autoři: Havel, Petr, 1956-
Jazyk: Čeština
Vydáno: V Praze : Vyšehrad, 2023
Vydání: Vydání první
Edice: Rozhovory (Vyšehrad)
Témata:
Fyzický popis: 208 stran : ilustrace, portréty ; 21 cm
Knihy
Uloženo v:
LEADER 02521nam a2200685 i 4500
001 nkc20233494750
003 CZ PrNK
005 20250204091551.0
007 ta
008 230120s2023 xr ac e 000 0dcze
015 |a cnb003494750 
020 |a 978-80-7601-743-6  |q (vázáno) :  |c Kč 369,00 
035 |a (OCoLC)1375350578 
040 |a OLA001  |b cze  |e rda 
043 |a e-xr--- 
045 |a x7y2 
072 7 |a 502  |x Životní prostředí a jeho ochrana  |2 Konspekt  |9 2 
072 7 |a 929  |x Biografie  |2 Konspekt  |9 8 
080 |a 502.17-051  |2 MRF 
080 |a 631.115.1-051  |2 MRF 
080 |a 630-051  |2 MRF 
080 |a 316.728:502.1  |2 MRF 
080 |a 502.1  |2 MRF 
080 |a 502.17  |2 MRF 
080 |a 929  |2 MRF 
080 |a (437.3)  |2 MRF 
080 |a (047.53)  |2 MRF 
100 1 |a Pitek, Daniel,  |d 1966-  |7 xx0280896  |4 aut 
245 1 0 |a Sedlák pod Milešovkou :  |b pestrá krajina proti změně klimatu /  |c Petr Havel, Daniel Pitek 
250 |a Vydání první 
264 1 |a V Praze :  |b Vyšehrad,  |c 2023 
300 |a 208 stran :  |b ilustrace, portréty ;  |c 21 cm 
336 |a text  |b txt  |2 rdacontent 
337 |a bez média  |b n  |2 rdamedia 
338 |a svazek  |b nc  |2 rdacarrier 
490 1 |a Rozhovory 
600 1 7 |a Pitek, Daniel,  |d 1966-  |7 xx0280896  |2 czenas 
648 7 |a 20.-21. století  |7 ch462155  |2 czenas 
650 0 7 |a ochránci přírody  |7 ph123672  |z Česko  |y 20.-21. století  |2 czenas 
650 0 7 |a soukromí zemědělci  |7 ph125876  |z Česko  |y 20.-21. století  |2 czenas 
650 0 7 |a lesníci  |7 ph122256  |z Česko  |y 20.-21. století  |2 czenas 
650 0 7 |a udržitelný život  |7 ph126769  |2 czenas 
650 0 7 |a člověk a životní prostředí  |7 ph135365  |2 czenas 
650 0 7 |a ochrana životního prostředí  |7 ph115553  |z Česko  |2 czenas 
650 0 9 |a environmentalists  |z Czechia  |y 20th-21st centuries  |2 eczenas 
650 0 9 |a private farmers  |z Czechia  |y 20th-21st centuries  |2 eczenas 
650 0 9 |a foresters  |z Czechia  |y 20th-21st centuries  |2 eczenas 
650 0 9 |a sustainable life  |2 eczenas 
650 0 9 |a man and environment  |2 eczenas 
650 0 9 |a environmental protection  |z Czechia  |2 eczenas 
655 7 |a rozhovory  |7 fd133303  |2 czenas 
655 9 |a interviews  |2 eczenas 
700 1 |a Havel, Petr,  |d 1956-  |7 uzp2006324629  |4 aut 
830 0 |a Rozhovory (Vyšehrad)  |0 s 
910 2 |a BOA001  |b 2-1504.715 
928 9 |a Albatros Media - Vyšehrad 
990 |a BK 
995 |a 01 
991 |b 202303  |c NOV 
996 6 |b 2610931983  |c 2-1504.715  |l MZK  |r Sklad / do 1 hodiny  |n 1  |p p.v.  |w 001917129  |u 000010  |a 1  |e BOA001  |j MZK50  |s P